000 00580 a2200217 4500
020 _a0-521-82191-6
020 _a0-521-52923-9
035 _a(DLC) 2003055132
040 _aDLC
_bDLC
082 0 0 _a003/.54
100 1 _aLing, San,
245 1 0 _aCoding theory: a first course
_ba first course
_cSan Ling, Chaoping Xing
260 _aCambridge :
_bCambridge University Press,
_c2004
300 _a222 s.
650 0 _aCoding theory
650 0 _aKodteori
650 0 _aKryptering
650 0 _aCryptography
700 1 _aXing, Chaoping,
_d1963-
942 _cBK
_k003.54 LIN
_2ddc
999 _c4937
_d4937